Production of D-phenylglycine from racemic (D,L)-phenylglycine via isoelectrically-trapped penicillin G acylase /

Đã lưu trong:
书目详细资料
主要作者: Bossi, Alessandra.
其他作者: Cretich, Marina., Righetti, Pier Giorgio.
格式: Bài viết
语言:English
主题:
标签: 添加标签
没有标签, 成为第一个标记此记录!
Thư viện lưu trữ: Thư viện Trường Đại học Đà Lạt
LEADER 00961nam a2200289 4500
001 DLU090098280
005 ##20091201
040 # # |a DLU  |b eng 
041 # # |a eng 
044 # # |a us 
100 # # |a Bossi, Alessandra.  
245 # # |a Production of D-phenylglycine from racemic (D,L)-phenylglycine via isoelectrically-trapped penicillin G acylase /  |c Alessandra Bossi, Marina Cretich, Pier Giorgio Righetti. 
653 # # |a Immobilized reactors 
653 # # |a Isoelectric membranes 
653 # # |a Penicillin G acylase 
700 # # |a Cretich, Marina. 
700 # # |a Righetti, Pier Giorgio. 
773 # # |t Biotechnology and Bioengineering  |g Vol. 60, no. 4 (November 1998), p. 454-461 
920 # # |a Phòng Tạp chí -- Trung tâm Thông tin - Thư viện Trường Đại học Đà Lạt 
994 # # |a DLU 
900 # # |a True 
911 # # |a Trương Bảo Trâm Anh 
925 # # |a G 
926 # # |a A 
927 # # |a BB 
980 # # |a Thư viện Trường Đại học Đà Lạt